[Event "World Cup"]
[Site "Khanty-Mansiysk"]
[Date "2007.11.30"]
[Round "3.1"]
[White "Inarkiev, Ernesto"]
[Black "Aronian, Levon"]
[Result "1/2-1/2"]
[WhiteElo "2674"]
[BlackElo "2741"]
[Annotator "Inarkiev,E"]
[PlyCount "131"]
[EventDate "2007.11.24"]
[EventType "k.o."]
[EventRounds "7"]
[EventCountry "RUS"]
[SourceTitle "CBM 122"]
[Source "ChessBase"]
[SourceDate "2008.01.30"]
[SourceVersion "1"]
[SourceVersionDate "2008.01.30"]
[SourceQuality "1"]

{This is the first game of our match. The first time in this World Cup I met a
higher rated opponent. I wanted to play solid long game, to "feel" what we can.
} 1. d4 d5 2. Nf3 Nf6 3. c4 e6 {Levon's main weapon.} 4. g3 {I had doubts,
should I play the Catalan, or not, because Aronian plays it with both colours,
but finally, I decided that the character of the game which is generally
achieved in this opening, is that what I need.} Be7 5. Bg2 O-O 6. O-O dxc4 7.
Qc2 a6 8. Qxc4 b5 9. Qc2 Bb7 10. Bd2 Be4 11. Qc1 Bb7 12. Bf4 Bd6 13. Nbd2 Nd5 {
This came as a surprise for me. There was "only" one game with this move
before. Beliavsky played it with Black against Aronian!} 14. Bxd6 $5 $146 ({
In that game White didn't gain an advatage:} 14. Nb3 Nxf4 15. gxf4 Nd7 16. e3
Rc8 17. Rd1 c5 18. dxc5 Nxc5 19. Nxc5 Rxc5 20. Qxc5 Bxc5 21. Rxd8 Rxd8 $11 22.
Ne5 Bxg2 23. Kxg2 Kf8 {1/2-1/2, Aronian Levon 2741 - Beliavsky Alexander G
2646 , Crete 4.11.2007 Ch Europe (team)}) 14... cxd6 15. e4 Ne7 {White has a
space advantage, and a more free play. Black has a solid position without
weaknesses. It should be about equal, but White has an easier game.} 16. Qc3
Nd7 17. a4 $5 {Trying to create a weakness. White should hurry, because Black
wants to finish his development with Qb6 and Rfc8.} ({An interesting
alternative is} 17. Rfc1 $5 {(/\Qc7).} Rc8 18. Qb4 Qb6 19. a4 $1) 17... bxa4 {
Both players look on the queenside, but it was a good moment to start action
in the center.} (17... Nf6 $1 {The pawn is hanging and White needs one more
piece to protect it.} {If} 18. Rfe1 {then Black has} d5 $1 19. e5 Ne4 20. Qa3
Nf5 21. Nb3 bxa4 $13) 18. Rxa4 Rc8 $6 ({Still right was} 18... Nf6) 19. Qa3 $2
{After this move Black gets a pleasant game.} ({It was important to protect
the b5 square. The best way is} 19. Qb4 $1 {also attacking d6.} Nb6 20. Ra3 Nc6
21. Qb3 $14 {White holds all pluses of the position.}) 19... d5 $1 ({The
position after} 19... Bc6 20. Rxa6 Bb5 21. Rxd6 $14 {is in White's favour.}) ({
I thought that the best is} 19... Nb6 20. Rb4 Nc6 21. Rb3 {and in comparison
with variation 19.Qb4 White's queen controls the dark squares.}) 20. exd5 {
After a long thought. This is necessary.} ({Of course, normaly, White would
like to play} 20. e5 $2 {but here it's just bad} Bc6 $1 21. Rb4 Bb5 22. Rd1 ({
or} 22. Ra1 Nc6 23. Rb3 Qb6 $17) 22... Nb6 $1 {and White can't save the rook.}
23. Qa1 ({or} 23. Bf1 Nc6 24. Rb3 Ba4 $17) 23... Nc6 24. Rb3 Ba4 25. Rxb6 Bxd1
26. Rxc6 Rxc6 27. Qxd1 Qb6 $17) 20... Nxd5 {Now Black is slightly better,
because of the weakness of the d-pawn.} 21. Ra1 {(/\Bf1).} Nc7 $1 {The knight
is going to b5, now it's difficult to create a threat against the a-pawn.} 22.
Rc4 Nb5 23. Qe3 {The pawn d4 already needs protection.} Rxc4 24. Nxc4 Qa8 $1 {
Here the queen is protecting the a-pawn, pressing along the white diagonal,
and is also placed far enough from White's knights, so Black shouldn't worry
about any tricks.} 25. Na5 $1 {Good defensive manoeuvre. /\Nb3 to protect the
d4-pawn, and then Ne1-d3-c5 to attack pawn a6.} ({Interesting is also} 25. Ncd2
$5 {(/\Bf1).}) 25... Bd5 26. Ne1 $1 Bxg2 27. Nxg2 Rc8 28. Ne1 $1 h6 29. Nb3 ({
Not} 29. Nd3 $2 {becuase of} Qd5 $17 {and White can't protect the pawn.}) 29...
Rd8 {Black is going to attack the d-pawn.} ({Interesting is immediate} 29...
Rc4 $5 30. Nd3 Nf6) 30. Nd3 {Here both of us had about 10 min untill the
control.} Qd5 $2 {This is a blunder.} ({After} 30... Nf6 {the position is
about equal.}) 31. Nb4 $1 Qd6 32. Nxa6 Nf6 ({Black did prepare} 32... Ra8 {
and overlooked, that White shouldn't retreat the knight.} 33. Ra5 $1 {Saving
the pawn.}) 33. Ra4 Qd5 {The position is not easy, White's pawns are weak.} 34.
Nac5 $2 {In time trouble it's very natural to put your pieces so, that they
would protect each other. But here, it os not less important to attack enemy's
pieces.} ({Right is} 34. Qd3 $1 {(/\Ra5; /\Nb4-c2-e3).} Nd6 ({if} 34... Qh5 {
then} 35. Ra5) 35. Nb4 Qh5 36. Nc6 $1 $16) 34... Qh5 {Now Black has
compensation. Here we both had less the 5 minutes.} 35. f3 Nd6 36. Qe2 Qd5 37.
Kg2 $6 {One more "natural" move, but this gives Black a new motiv.} Rb8 38. Qd3
g5 $1 {An unpleasant surprise, now Black has the initiative.} 39. Kf2 $6 {
Losing the pawn.} ({Better is} 39. Kg1 {but Black has a good position. For
example} Kg7 {and then Nf5 and Rd8.}) 39... g4 $1 40. Ra1 gxf3 {We passed the
time control. It's obvious, that White should play very carefully.} 41. Qxf3
Nde4+ 42. Kg2 Nxc5 43. Qxd5 Nxd5 44. Nxc5 Rxb2+ {Previous moves are forced.}
45. Kf3 $1 {The most accurate. Probably, with his king on the first rank White
can count on a successful defence, but it will be defence.} Nc7 $5 {Black
continues to play.} ({After} 45... Rxh2 46. Ra8+ Kg7 47. Ra7 {Black should
agree on a draw, or give back the pawn.} Kg6 (47... Kg8 48. Ra8+ $11) 48. Nd7
$11 f6 $6 49. Nf8+) 46. h4 {Now the draw is the most probable result, but we
were coming in the next time trouble, so we both were trying to catch a chance.
} Nb5 47. Ra8+ Kg7 48. Rd8 Rc2 49. Ne4 ({More accurate is} 49. Nd3 Rc3 50. Ke3
$11) 49... f5 $5 50. Rd7+ Kg6 51. Nf2 ({It was tempting to play} 51. h5+ $2 {
but after} Kxh5 52. Nf6+ Kg6 53. Ne8 {threatening mate,} {Black has} h5 $1 $17)
51... Rc3+ 52. Kg2 $6 {Gives Black the initiative} ({Right is} 52. Kf4 $1 {
it looks dangerous, but Black hasn't more then the repetition of moves.} Nc7
53. Ke5 $1 Re3+ 54. Kf4 $1 Rc3 55. Ke5 $1 $11) 52... Nc7 {The knight is going
to d5.} 53. Re7 $1 {It's important to attack the pawns to prevent further
increase in activity of the Black pieces.} Rc2 54. Kf3 Kf6 55. Rh7 $1 Nb5 56.
Ke3 Nc3 57. Nd3 $1 Kg6 ({Doesn't work} 57... Nd1+ $2 {because of} 58. Kf4 $1 {
with a threat Rh6.} ({Losing} 58. Kf3 $2 {after} Rd2 $1)) 58. Rd7 Nd5+ 59. Kf3
Rc3 60. Ke2 Rc7 {Almost a draw offer.} ({Black could try to make the attack} 
60... Kh5 $5 61. Rd6 ({worse is} 61. Rg7 $2 Rc4 $17) 61... Kg4 62. Rxe6 Rc2+
63. Kd1 Ra2 {Black has good activity, but it's unbelievable that he can build
a mating net.}) 61. Rxc7 Nxc7 62. Nf4+ Kf6 63. Ke3 Nb5 64. Ne2 Nd6 65. Kf4 Nb5
66. Kf3 {Black offered a draw.} 1/2-1/2

[Event "FRA-chT Top 12"]
[Site "Montpellier"]
[Date "2015.06.01"]
[Round "3.1"]
[White "Feller, Sebastien"]
[Black "Doettling, Fabian"]
[Result "1/2-1/2"]
[WhiteElo "2626"]
[BlackElo "2588"]
[Annotator "Ipatov,A"]
[PlyCount "54"]
[EventDate "2015.05.30"]
[EventType "team-tourn"]
[EventRounds "11"]
[EventCountry "FRA"]
[SourceTitle "CBM 166 Extra"]
[Source "ChessBase"]
[SourceDate "2015.06.18"]
[SourceVersion "1"]
[SourceVersionDate "2015.06.18"]
[SourceQuality "1"]
[WhiteTeam "Evry Grand Roque"]
[BlackTeam "Strasbourg"]
[WhiteTeamCountry "FRA"]
[BlackTeamCountry "FRA"]

1. d4 d5 2. c4 e6 3. Nf3 Nf6 4. g3 Be7 5. Bg2 O-O 6. O-O dxc4 7. Ne5 Nc6 8.
Bxc6 bxc6 9. Nxc6 Qe8 10. Nxe7+ Qxe7 11. Na3 Rd8 12. Qc2 c5 13. dxc5 Qxc5 14.
Qxc4 Qxc4 15. Nxc4 Ba6 16. b3 Bxc4 17. bxc4 Rdc8 18. Be3 $146 ({The recent
game from the Russian Team Championship continued} 18. Bb2 Rxc4 19. Rac1 Rac8
20. Rxc4 Rxc4 21. Rc1 Rxc1+ 22. Bxc1 Kf8 23. f3 Ke7 24. e4 Kd6 25. Kf2 Nd7 26.
Ba3+ Kc6 27. Ke3 e5 $11 {but Black seemed to equalise easily} 28. Kd3 Nc5+ 29.
Kc4 Ne6 30. Bb2 f6 31. h4 h5 32. Ba3 Kd7 33. Kd3 a6 34. Bb2 g6 35. Ke3 Kd6 36.
Ba3+ Kd7 37. Bb2 Kd6 38. Ba3+ Kd7 39. Bb2 {1/2-1/2 (39) Sjugirov,S (2669)
-Aronian,L (2770) Sochi 2015}) 18... Rxc4 19. Rfc1 Ra4 $1 $11 20. a3 h6 21. Bc5
Rc8 22. f3 Ra6 23. Kf2 Nd5 24. e4 Rac6 25. exd5 Rxc5 26. Rxc5 Rxc5 27. dxe6
fxe6 1/2-1/2

[Event "FRA-chT Top 12"]
[Site "Montpellier"]
[Date "2015.06.01"]
[Round "3.4"]
[White "Ipatov, Alexander"]
[Black "Sokolov, Andrei"]
[Result "1-0"]
[WhiteElo "2612"]
[BlackElo "2520"]
[Annotator "Ipatov,A"]
[PlyCount "99"]
[EventDate "2015.05.30"]
[EventType "team-tourn"]
[EventRounds "11"]
[EventCountry "FRA"]
[SourceTitle "CBM 166 Extra"]
[Source "ChessBase"]
[SourceDate "2015.06.18"]
[SourceVersion "1"]
[SourceVersionDate "2015.06.18"]
[SourceQuality "1"]
[WhiteTeam "Bois Colombes"]
[BlackTeam "Mulhouse Philidor"]
[WhiteTeamCountry "FRA"]
[BlackTeamCountry "FRA"]

1. d4 Nf6 2. c4 e6 3. g3 d5 4. Nf3 Be7 5. Bg2 O-O 6. O-O dxc4 7. Ne5 Nc6 8.
Bxc6 bxc6 9. Nxc6 Qe8 10. Nxe7+ Qxe7 11. Na3 $5 {This rare move was played
three times on 2600+ level in this tournament, that's why I thought it would
be interesting to mention about that. Much more popular continuations for
White are the moves 11.Qc2 and 11.Qa4. On the other hand, 11.Na3 is relatively
a new way to handle this position with White and I am sure that we will see
more games on top level with this move.} (11. Qc2 e5 12. dxe5 Qxe5 13. Bf4 Qh5
14. Nc3 Nd5 15. Nxd5 Qxd5 16. Rfd1 Qc6 17. Rd4 Bh3 18. f3 Be6 19. Rad1 Qb6 20.
Qc3 f6 21. Kg2 Rae8 22. R1d2 a5 23. g4 a4 24. Bg3 Qc5 25. Re4 Rf7 26. Qe3 Qxe3
27. Rxe3 Rfe7 28. Bf2 Kf7 29. Rc3 Rb8 30. Rcc2 Rb5 {1/2-1/2 (30) Tomashevsky,E
(2749)-Nakamura,H (2799) Khanty-Mansiysk 2015}) 11... c5 12. dxc5 Qxc5 13. Be3
Qh5 (13... Qc6 $143 14. Rc1 Ba6 15. Nxc4 Bxc4 16. b3 Bxb3 17. Rxc6 Bxd1 18.
Rxd1 {Kramnik,V (2783)-Adams,M (2745) Gashimov Memorial 2015 (1) 1-0}) 14. f3
Nd5 $146 (14... c3 15. bxc3 Qa5 16. Qc1 Ba6 17. c4 Rfc8 18. Rd1 Nd5 19. Rd4 Rc6
20. Kf2 Rac8 21. Rb1 h5 22. Rb3 Qc7 23. Qd2 Nb6 24. Qa5 e5 25. Rh4 Nxc4 26.
Qxc7 R6xc7 27. Rxh5 f6 28. Rh4 Nxa3 29. Rxa3 Bb5 30. Rb3 a6 31. a4 Be8 32. Bb6
Rc2 33. a5 Ra2 34. Re4 Rcc2 35. Rbe3 Bc6 36. Rb4 Bb5 37. Rbe4 Bc6 38. Rb4 Bb5
39. Rbe4 Bc6 40. Rb4 Bb5 {1/2-1/2 (40) Grachev,B (2673)-Lysyj,I (2691) Sochi
2015}) 15. Bf2 c3 16. bxc3 Nxc3 17. Qd3 Nd5 18. Rfc1 a5 19. Rc5 $14 Ba6 20. Qd2
h6 21. Nc2 Qg6 22. Nd4 Ne7 23. Rxa5 Rfd8 24. Qb2 Qf6 25. Rb1 e5 26. Nb3 Nc6 27.
Rc5 Nd4 28. Bxd4 exd4 29. Rd1 Qb6 30. Rxd4 Rxd4 31. Qxd4 Re8 32. e4 Kh7 33. Kf2
Rd8 34. Rd5 Qxd4+ 35. Nxd4 Rb8 36. a4 Rb2+ 37. Ke3 Rxh2 38. Rd7 Bc4 39. Rc7 Be6
40. Nxe6 fxe6 41. Kd4 Ra2 42. Rc4 Ra3 43. f4 Rxg3 44. Rc3 e5+ 45. fxe5 Rg6 46.
Kd5 Ra6 47. e6 Kg6 48. e5 Ra5+ 49. Kd6 Rxa4 50. e7 1-0

[Event "FRA-chT Top 12"]
[Site "Montpellier"]
[Date "2015.06.09"]
[Round "11.3"]
[White "Gajewski, Grzegorz"]
[Black "Fressinet, Laurent"]
[Result "1/2-1/2"]
[WhiteElo "2648"]
[BlackElo "2712"]
[Annotator "Ipatov,A"]
[PlyCount "55"]
[EventDate "2015.05.30"]
[EventType "team-tourn"]
[EventRounds "11"]
[EventCountry "FRA"]
[SourceTitle "CBM 166 Extra"]
[Source "ChessBase"]
[SourceDate "2015.06.18"]
[SourceVersion "1"]
[SourceVersionDate "2015.06.18"]
[SourceQuality "1"]
[WhiteTeam "Mulhouse Philidor"]
[BlackTeam "Clichy-Echecs 92"]
[WhiteTeamCountry "FRA"]
[BlackTeamCountry "FRA"]

1. c4 e6 2. g3 d5 3. Bg2 Nf6 4. Nf3 Be7 5. O-O O-O 6. d4 dxc4 7. Ne5 Nc6 8.
Bxc6 bxc6 9. Nxc6 Qe8 10. Nxe7+ Qxe7 11. Na3 $5 {This rare move was played
three times on 2600+ level in this tournament, that's why I thought it would
be interesting to mention about that. Much more popular continuations for
White are the moves 11.Qc2 and 11.Qa4. On the other hand, 11.Na3 is relatively
a new way to handle this position with White and I am sure that we will see
more games on top level with this move.} Rd8 12. Qc2 Ba6 $146 (12... c5 13.
dxc5 Qxc5 14. Qxc4 Qxc4 15. Nxc4 Ba6 16. b3 Bxc4 17. bxc4 Rdc8 18. Bb2 Rxc4 19.
Rac1 Rac8 20. Rxc4 Rxc4 21. Rc1 Rxc1+ 22. Bxc1 Kf8 23. f3 Ke7 24. e4 Kd6 25.
Kf2 Nd7 26. Ba3+ Kc6 27. Ke3 e5 28. Kd3 Nc5+ 29. Kc4 Ne6 30. Bb2 f6 31. h4 h5
32. Ba3 Kd7 33. Kd3 a6 34. Bb2 g6 35. Ke3 Kd6 36. Ba3+ Kd7 37. Bb2 Kd6 38. Ba3+
Kd7 39. Bb2 {1/2-1/2 (39) Sjugirov,S (2669)-Aronian,L (2770) Sochi 2015}) 13.
Nxc4 c5 14. dxc5 Qxc5 15. b3 Bxc4 16. Bb2 Rac8 17. Bxf6 gxf6 18. Rfc1 Qa5 19.
bxc4 Rd2 20. Qe4 Rxa2 21. Rxa2 Qxa2 22. c5 Qd2 23. Rc4 f5 24. Qe5 Qd5 25. Qc3
a5 26. Rd4 Rxc5 27. Rxd5 Rxc3 28. Rxa5 1/2-1/2

[Event "Zagreb/ Rijeka"]
[Site "Zagreb/ Rijeka"]
[Date "1985.04.21"]
[Round "1"]
[White "Ribli, Zoltan"]
[Black "Ivanovic, Bozidar"]
[Result "1-0"]
[WhiteElo "2615"]
[BlackElo "2515"]
[Annotator "Kharitonov,A"]
[PlyCount "95"]
[EventDate "1985.04.21"]
[EventType "tourn"]
[EventRounds "15"]
[EventCountry "CRO"]
[EventCategory "11"]
[SourceTitle "MCL"]
[Source "ChessBase"]
[SourceDate "1999.07.01"]
[SourceVersion "1"]
[SourceVersionDate "1999.07.01"]
[SourceQuality "1"]

1. Nf3 Nf6 2. c4 e6 3. g3 d5 4. Bg2 Be7 5. O-O O-O 6. d4 dxc4 7. Ne5 Qd6 $6 (
7... c5 8. dxc5 Bxc5 9. Nc3 Qc7 10. Nxc4 Rd8 (10... Bxf2+ 11. Rxf2 Qxc4 12.
Rxf6 gxf6 13. Bh6 $40 {Ivkov,B-Robatsch,K/Vinkovci/1968/1:0/17/}) 11. Bf4 Qe7
12. Qc2 Nc6 13. Rad1 $16) (7... Nc6 $5 8. Bxc6 bxc6 9. Nxc6 Qe8 10. Qa4 Bb4 $5
11. a3 Bb7 12. axb4 Bxc6 13. Qa5 Nd5 $13 {Karasev,V-Pigusov,E/Riga/1988/0:1/60/
}) 8. Nxc4 Qa6 9. Nba3 Rd8 10. Qb3 $1 c6 (10... Rxd4 $2 11. Nb5 Rd7 12. Ne5 $18
) (10... Bxa3 11. bxa3 $1 Rxd4 12. Ne5 $14) 11. Rd1 $16 Nbd7 12. Bd2 Nb6 (12...
Nf8 13. Ba5 Re8 14. Rac1 $14) 13. Ba5 $14 (13. Rac1 Nxc4 14. Nxc4 Bd7 $14)
13... Nfd7 14. Rac1 Re8 15. Bb4 $1 Qa4 (15... Bxb4 16. Qxb4 Nxc4 17. Nxc4 $16)
16. Qxa4 Nxa4 17. Bxe7 Rxe7 18. b3 Nab6 19. e4 (19. Nd6 $5 e5 20. e4 exd4 21.
Rxd4 Nf8 22. f4 $16) 19... Nf6 (19... Nxc4 20. Nxc4) 20. f4 Bd7 21. Bf3 h6 22.
Kf2 Be8 23. Rd2 g5 $6 (23... Rd8 $142) 24. h4 $1 Rd8 (24... g4 25. Bg2 $16) (
24... gxf4 25. gxf4 $16) 25. e5 (25. hxg5 hxg5 26. Ke3 $36) 25... Nh7 26. Nxb6
axb6 27. hxg5 hxg5 28. Nc4 b5 29. Nd6 f5 $5 30. a4 $1 bxa4 31. bxa4 Ra8 32. Ra2
Ra6 $2 (32... g4 $142 33. Bg2 Nf8 34. Rb1 Rb8 35. a5 Rc7 $16) 33. Raa1 (33. a5
$6 b5 $1 $132) 33... Nf8 34. a5 $18 Ng6 (34... b6 35. Nc8 Rc7 36. Nxb6 Rca7 37.
Nc8 Ra8 38. Nd6 Bd7 39. Rc5 $18) 35. Ke3 (35. fxg5 $5 $18) 35... gxf4+ 36. gxf4
Nh4 37. Bh1 $1 (37. Rcb1 Nxf3 38. Kxf3 c5 39. Nxe8 Rxe8 40. dxc5 Rc8 $132)
37... Bh5 38. Rcb1 Rg7 39. Rxb7 Ng2+ 40. Bxg2 Rxg2 41. Rb6 Ra8 (41... Ra7 42.
Rb8+ Kh7 43. Rb7+ Rxb7 44. Nxb7 $18) 42. a6 Kh7 43. a7 Rag8 44. Kd3 R8g3+ 45.
Kc4 Rc2+ 46. Kb4 c5+ 47. dxc5 Bf3 48. Ra3 1-0

[Event "Bled/Rogaska Slatina"]
[Site "Bled"]
[Date "1991.??.??"]
[Round "7"]
[White "Kozul, Zdenko"]
[Black "Kotronias, Vasilios"]
[Result "1-0"]
[WhiteElo "2580"]
[BlackElo "2520"]
[Annotator "Kortschnoj,V"]
[PlyCount "101"]
[EventDate "1991.06.??"]
[EventType "tourn"]
[EventRounds "13"]
[EventCountry "SLO"]
[EventCategory "12"]
[SourceTitle "CBM 024"]
[Source "ChessBase"]
[SourceDate "1991.10.01"]
[SourceVersion "1"]
[SourceVersionDate "1991.10.01"]
[SourceQuality "1"]

1. d4 d5 2. c4 e6 3. Nf3 Nf6 4. g3 Be7 5. Bg2 O-O 6. O-O dxc4 7. a4 Nc6 8. a5
$5 {New move.8.Sc3 Sa5 does not promise much to white.} Rb8 9. Qc2 Nxd4 10.
Nxd4 Qxd4 11. Be3 Qg4 {Or 11...Dd6 12.Dc4 with full compensation for a pawn.}
12. h3 Qh5 13. Qxc4 e5 $6 {Dubious.A critical continuation should be 13...Sd5!}
14. Qxc7 Bd7 (14... Bxh3 $1 15. Qxe7 Rfe8 $1 {/\ Nf6-g4 !}) 15. g4 Bxg4 (15...
Qg6 16. Qxe5 $16) 16. Qxe7 Bxh3 17. f3 Rfe8 18. Qa3 e4 19. Nd2 Bxg2 20. Kxg2
Qg6+ 21. Kf2 exf3 22. Rg1 $1 Ng4+ 23. Rxg4 Qxg4 24. Nxf3 Re4 25. Rg1 Qe6 26.
Qc3 Rg4 (26... g6 $2 27. Bh6 f6 28. Qc7 $18) 27. Rxg4 Qxg4 28. Bxa7 Rc8 29. Bc5
h5 30. b4 h4 31. Qe5 f6 32. Qd4 Qg3+ 33. Kf1 Qh3+ 34. Ke1 Qg3+ 35. Kf1 Qh3+ 36.
Ke1 Qg3+ 37. Qf2 Qxf2+ 38. Kxf2 $18 g5 39. Nd4 Kf7 40. Kg2 Kg6 41. Nb5 Re8 42.
e3 Re5 43. Nc3 f5 44. Bd4 Re8 45. b5 Kh5 46. a6 bxa6 47. bxa6 Re6 48. a7 Ra6
49. Nd5 Ra2+ 50. Kg1 Kg4 51. Nc7 1-0